UBT Library

Reading To Laern In The Contest (Record no. 53714)

000 -LEADER
fixed length control field 00276nam a22001217a 4500
008 - FIXED-LENGTH DATA ELEMENTS--GENERAL INFORMATION
fixed length control field 181224b xxu||||| |||| 00| 0 eng d
041 ## - LANGUAGE CODE
Language code of text/sound track or separate title eng
080 ## - UNIVERSAL DECIMAL CLASSIFICATION NUMBER
Universal Decimal Classification number 821
100 ## - Rafti
Rafti 24
101 ## - Shkurtesa
Shkurtesa GJU
245 ## - TITLE STATEMENT
Title Reading To Laern In The Contest
Statement of responsibility, etc Judy.S.S
942 ## - ADDED ENTRY ELEMENTS (KOHA)
Source of classification or shelving scheme
Item type Books
Holdings
Withdrawn status Lost status Source of classification or shelving scheme Damaged status Not for loan Collection code Permanent location Current location Shelving location Date acquired Total Checkouts Full call number Barcode Date last seen Price effective from Koha item type
          Koleksioni i përgjithshem UBT - Lipjan UBT - Lipjan Koleksioni i përgjithshem 12/24/2018   821 JUD 002-3021644 12/24/2018 12/24/2018 Books
UBT Library © 2015-2024. All rights reserved University Education for Business and Technology